| 000 | 00341nam a2200133Ia 4500 | ||
|---|---|---|---|
| 005 | 20251222141759.0 | ||
| 008 | 251222s9999||||xx |||||||||||||| ||spa|| | ||
| 020 | _a950-16-3086-2 | ||
| 082 | _a370.154/R16 | ||
| 100 | _aRaffini, James P. | ||
| 245 | 0 | _a150 Maneras de Incrementar la Motivación en la Clase | |
| 264 | _bTroquel | ||
| 942 | _cLIB | ||
| 999 |
_c6078 _d6078 |
||